000 00588nam a2200229Ia 4500
003 OSt
005 20221005123508.0
006 a|||||r|||| 00| 0
007 ta
008 221004b |||||||| |||| 00| 0 eng d
024 _a67074
037 _cTextual
040 _aCRL
_cCRL
_beng
041 _2eng
_aeng
082 _aV3:4wL92, B1.1-.2
100 _aShadwell Lawrence
_9633747
245 0 _aLife of Colin Campbell, Lord Clyde
260 _c1881
650 _aHISTORY
942 _hV3:4wL92, B1.1-.2
_cTEXL
_2cc
999 _c1047596
_d1047596